Die 30 größten Länder der Erde (Fläche) - Statistiken

Allgemein
  • Dieses Quiz wurde 140 mal gespielt
  • Das Durchschnittsergebnis liegt bei 24 aus 30
Antwortstatistiken
Fläche 🚩 Staat % Korrekt
9.596.960 km² 🇨🇳 China
100%
9.984.670 km² 🇨🇦 Kanada
100%
17.098.242 km² 🇷🇺 Russland
100%
9.833.517 km² 🇺🇸 USA
99%
7.741.220 km² 🇦🇺 Australien
98%
8.515.770 km² 🇧🇷 Brasilien
98%
3.287.263 km² 🇮🇳 Indien
98%
2.780.400 km² 🇦🇷 Argentinien
96%
2.724.900 km² 🇰🇿 Kasachstan
93%
1.904.569 km² 🇮🇩 Indonesien
90%
2.381.740 km² 🇩🇿 Algerien
88%
1.964.375 km² 🇲🇽 Mexiko
88%
2.344.858 km² 🇨🇩 Dem. Rep. Kongo
85%
1.648.195 km² 🇮🇷 Iran
83%
2.149.690 km² 🇸🇦 Saudi-Arabien
83%
1.219.090 km² 🇿🇦 Südafrika
83%
1.001.450 km² 🇪🇬 Ägypten
81%
1.285.216 km² 🇵🇪 Peru
81%
1.564.116 km² 🇲🇳 Mongolei
78%
1.861.484 km² 🇸🇩 Sudan
76%
1.759.540 km² 🇱🇾 Libyen
74%
1.138.910 km² 🇨🇴 Kolumbien
71%
1.267.000 km² 🇳🇪 Niger
70%
1.104.300 km² 🇪🇹 Äthiopien
69%
1.284.000 km² 🇹🇩 Tschad
69%
1.246.700 km² 🇦🇴 Angola
66%
1.240.192 km² 🇲🇱 Mali
64%
1.098.581 km² 🇧🇴 Bolivien
61%
1.030.700 km² 🇲🇷 Mauretanien
55%
2.166.086 km² 🇬🇱 Grönland*
40%
Keine übereinstimmenden Quizze gefunden
Verteilung der Resultate
Anzahl Personen mit jedem Resultat
Perzentil nach korrekt beantworteten Fragen
Ihre Resultats-Entwicklung
Sie haben dieses Quiz noch nicht gespielt